| 000 | 00721nam a22002177a 4500 | ||
|---|---|---|---|
| 003 | BD-DhJNU | ||
| 005 | 20250206105254.0 | ||
| 008 | 250206b |||||||| |||| 00| 0 eng d | ||
| 020 | _a9780198708742 | ||
| 040 |
_aBD-DhJNU _bENG _cBD-DhJNU _dBD-DhJNU |
||
| 082 |
_223 _a327.5600904 INT |
||
| 245 |
_aInternational relations of the Middle East / _cedited by Louise Fawcett |
||
| 250 | _a4th ed | ||
| 260 |
_aOxford : _bOxford University Press, _c2016. |
||
| 300 |
_axv, 446 p. : _bill. ; _c25 cm. |
||
| 504 | _aIncludes bibliographical references and index | ||
| 650 | _aMiddle East Foreign relations | ||
| 650 | _aBAEPS, Political Science October2017 | ||
| 700 |
_aFawcett, Louise _eeditor |
||
| 942 |
_2ddc _cBK _n0 |
||
| 999 |
_c1264 _d1264 |
||